Kant's transcendental deduction : an analytical-historical commentary /

Bibliographic Details
Main Author: Allison, Henry E. (Author)
Format: Book
Language:English
Published: Oxford ; New York : Oxford University Press, 2015.
Edition:First edition.
Subjects:

MARC

Tag First Indicator Second Indicator Subfields
LEADER 00000cam a2200000 i 4500
001 in00003589366
005 20170928133858.0
008 150612s2015 enk b 001 0 eng c
020 |a 9780198724858  |q (hbk.) 
020 |a 0198724853  |q (hbk.) 
020 |a 9780198724865  |q (pbk.) 
020 |a 0198724861  |q (pbk.) 
035 |a (OCoLC)ocn914353283 
040 |a NLE  |e rda  |c NLE  |d COO  |d YDX  |d DGU  |d UtOrBLW 
049 |a TXAM 
050 4 |a B2779  |b .A38 2015 
082 0 |a 121  |2 23 
100 1 |a Allison, Henry E.,  |e author.  |0 http://id.loc.gov/authorities/names/n83039920 
245 1 0 |a Kant's transcendental deduction :  |b an analytical-historical commentary /  |c Henry E. Allison. 
250 |a First edition. 
264 1 |a Oxford ;  |a New York :  |b Oxford University Press,  |c 2015. 
300 |a xv, 477 pages ;  |c 24 cm. 
336 |a text  |b txt  |2 rdacontent 
337 |a unmediated  |b n  |2 rdamedia 
338 |a volume  |b nc  |2 rdacarrier 
504 |a Includes bibliographical references (pages [455]-466) and index. 
600 1 0 |a Kant, Immanuel,  |d 1724-1804.  |t Kritik der reinen Vernunft.  |0 http://id.loc.gov/authorities/names/no2002033195 
650 0 |a Knowledge, Theory of.  |0 http://id.loc.gov/authorities/subjects/sh85072732 
650 0 |a Reason.  |0 http://id.loc.gov/authorities/subjects/sh85111788 
650 0 |a Transcendental logic.  |0 http://id.loc.gov/authorities/subjects/sh85136883 
945 |a PromptCat  |b 319595 
946 |a stk 
947 |a A14842901838 
948 |a cataloged  |b h  |c 2015/9/18  |d c  |e dmitchel  |f 12:30:20 pm 
994 |a 92  |b TXA 
999 f f |s cca212a0-6056-386c-bbf7-4b98694a4dc2  |i 770a90ed-c0f0-3eec-a204-2f648e5217aa  |t 0 
952 f f |p normal  |a Texas A&M University  |b College Station  |c Sterling C. Evans Library  |d Evans: Library Stacks  |t 0  |e B2779 .A38 2015  |h Library of Congress classification  |i unmediated -- volume  |m A14842901838 
998 f f |a B2779 .A38 2015  |t 0  |l Evans: Library Stacks